Online katalóg knižníc regiónu Turca

Hladný medveď (Record no. 21751)

MARC details
000 -LEADER
fixed length control field 02064cam a2200541 4500
001 - CONTROL NUMBER
control field 21751
003 - CONTROL NUMBER IDENTIFIER
control field VRT
005 - DATE AND TIME OF LATEST TRANSACTION
control field 20260309114253.0
008 - FIXED-LENGTH DATA ELEMENTS--GENERAL INFORMATION
fixed length control field 251031s2019 xo f ar 010 f slo
015 ## - NATIONAL BIBLIOGRAPHY NUMBER
National bibliography number SNBA2020/01
020 ## - INTERNATIONAL STANDARD BOOK NUMBER
International Standard Book Number 9788081429613
Qualifying information (viazané)
035 ## - SYSTEM CONTROL NUMBER
System control number urn:nbn:sk:snk-am00dxi2
035 ## - SYSTEM CONTROL NUMBER
System control number urn:nbn:sk:snk-am3i8lj
035 ## - SYSTEM CONTROL NUMBER
System control number D0A44C97-614B-48DB-8D1A-CA5BF0D74FBB
039 #9 - LEVEL OF BIBLIOGRAPHIC CONTROL AND CODING DETAIL [OBSOLETE]
Level of rules in bibliographic description 202510310923
Level of effort used to assign nonsubject heading access points VLOAD
Level of effort used to assign subject headings 202312041815
Level of effort used to assign classification AUTHORITY
Level of effort used to assign subject headings 202005070820
Level of effort used to assign classification VLOAD
Level of effort used to assign subject headings 202001241325
Level of effort used to assign classification msnk161
040 ## - CATALOGING SOURCE
Original cataloging agency POKPOH
Language of cataloging slo
Transcribing agency POKPOH
Modifying agency SVKBB
Description conventions rda
041 1# - LANGUAGE CODE
Language code of text/sound track or separate title slo
Language code of intermediate translations eng
Language code of original fre
044 ## - COUNTRY OF PUBLISHING/PRODUCING ENTITY CODE
MARC country code xo
ISO country code SK
072 #7 - SUBJECT CATEGORY CODE
Subject category code 821.133.1-3
Subject category code subdivision Francúzska próza, francúzsky písaná
Source konspekt
072 #7 - SUBJECT CATEGORY CODE
Subject category code 821-93
Subject category code subdivision Literatúra pre deti a mládež (beletria)
Source konspekt
080 ## - UNIVERSAL DECIMAL CLASSIFICATION NUMBER
Universal Decimal Classification number 821.133.1-34
Edition identifier 2011
080 ## - UNIVERSAL DECIMAL CLASSIFICATION NUMBER
Universal Decimal Classification number 82-93-053.4/.5
Edition identifier 2011
100 1# - MAIN ENTRY--PERSONAL NAME
Personal name Auzary-Luton, Silvie
Relationship aut
240 10 - UNIFORM TITLE
Uniform title L'ours affamé
Language of a work Slovensky
245 10 - TITLE STATEMENT
Title Hladný medveď
Statement of responsibility, etc. Sylvie Auzaryová-Lutonová, Michaël Derullieux
250 ## - EDITION STATEMENT
Edition statement Prvé vydanie
264 #1 - PRODUCTION, PUBLICATION, DISTRIBUTION, MANUFACTURE, AND COPYRIGHT NOTICE
Place of production, publication, distribution, manufacture Bratislava
Name of producer, publisher, distributor, manufacturer Fortuna Libri
Date of production, publication, distribution, manufacture, or copyright notice 2019
300 ## - PHYSICAL DESCRIPTION
Extent 31 nečíslovaných strán
Other physical details ilustrované listy
Dimensions 29 cm
336 ## - CONTENT TYPE
Content type term text
Content type code txt
Source rdacontent
336 ## - CONTENT TYPE
Content type term statický obraz
Content type code sti
Source rdacontent
337 ## - MEDIA TYPE
Media type term bez média
Media type code n
Source rdamedia
338 ## - CARRIER TYPE
Carrier type term zväzok
Carrier type code nc
Source rdacarrier
490 1# - SERIES STATEMENT
Series statement Fortuna Junior
500 ## - GENERAL NOTE
General note Preložené z anglického prekladu francúzskeho originálu Zuzanou Trstenskou
655 #7 - INDEX TERM--GENRE/FORM
Genre/form data or focus term francúzske rozprávky
Source of term SNKPH
655 #7 - INDEX TERM--GENRE/FORM
Genre/form data or focus term French fairy tales
Source of term SNKPHeng
655 #7 - INDEX TERM--GENRE/FORM
Genre/form data or focus term literatúra pre deti
Source of term SNKPH
655 #7 - INDEX TERM--GENRE/FORM
Genre/form data or focus term Children's literature
Source of term SNKPHeng
700 1# - ADDED ENTRY--PERSONAL NAME
Personal name Derullieux, Michaël
Relationship ill
700 1# - ADDED ENTRY--PERSONAL NAME
Personal name Trstenská, Zuzana,
Dates associated with a name 1982-
Relationship trl
830 #0 - SERIES ADDED ENTRY--UNIFORM TITLE
Uniform title Fortuna Junior
942 ## - ADDED ENTRY ELEMENTS (KOHA)
Source of classification or shelving scheme Dewey Decimal Classification
Koha item type Krásna literatúra pre deti
Suppress in OPAC No
949 ## - LOCAL PROCESSING INFORMATION (OCLC)
6 270001000640285
a svkbbC 64423
b svkbbm 787946
949 ## - LOCAL PROCESSING INFORMATION (OCLC)
6 17A1413829
a snkSB 95062
b snk2020/875
o 2501/19
s 6100:20200203
949 ## - LOCAL PROCESSING INFORMATION (OCLC)
6 17A1413828
a snkSB 95062 D1
b snk2020/876
o 2501/19
949 ## - LOCAL PROCESSING INFORMATION (OCLC)
6 2889353406
a savukPV 29464
b savuk2019/4700
949 ## - LOCAL PROCESSING INFORMATION (OCLC)
6 273K0649756
a svkpoC 60646
b svkpo641681
Holdings
Stav vyradenia Strata Poškodenie Spôsob nadobudnutia Domovská knižnica Aktuálna knižnica Dátum nadobudnutia Total checkouts Čiarový kód exemplára Date last seen Typ exemplára
      Dar Obecná knižnica Turčianska Štiavnička Obecná knižnica Turčianska Štiavnička 09.03.2026   4738000360 09.03.2026 Krásna literatúra pre deti
Projekt je podporený Slovenskou asociáciou knižníc
Prevádzkuje Turčianska knižnica Martin 2026